000 03523cam a2200325 i 4500
001 991106979921306196
005 20250711124025.0
008 200928s2020 enk b 000 0 eng d
020 _a9781913462031
020 _a191346203X
035 _a(OCoLC)1198445363
_z(OCoLC)1141155502
035 _a(OCoLC)on1198445363
040 _aTOH
_beng
_erda
_cTOH
_dBDX
_dTOH
_dOCLCO
_dOCLCF
_dSFR
_dOCLCO
_dVA@
_dYDX
_dCaOTV
041 _aeng
050 _aB3318.S8
_bS3 2020
100 _aSchopenhauer, Arthur
_d1788-1860
_eauthor
_925694
245 1 0 _aOn the suffering of the world
_c/ Arthur Schopenhauer ; edited and with an introduction by Eugene Thacker.
260 _aLondon :
_bRepeater Books, an imprint of Watkins Media Ltd,
_c2020.
300 _a311 pages :
_bportrait ;
_c20 cm.
504 _aIncludes bibliographical references.
505 0 _aIntroduction: a philosophy in ruins, an unquiet void / by Eugene Thacker — A note on this edition — On the vanity and suffering of life — Additional remarks on the doctrine of the vanity of existence — Additional remarks on the doctrine of the suffering of the world — On death and its relation to the indestructibility of our inner nature — On the doctrine of the indestructibility of our true nature in death — On the doctrine of the denial of the will-to-live — Additional remarks on the doctrine of the affirmation and denail of the will-to-live — On suicide.
520 _aOn the Suffering of the World is a collection of the later aphoristic writings of Arthur Schopenhauer, known for their incisive, aphoristic style and dark, pessimistic view of human existence. Edited and with an introduction by Eugene Thacker, On the Suffering of the World comprises a core selection of Schopenhauer's later writings, gathered together for the first time in print. These texts, produced during the last decades of Schopenhauer's long life, reveal a unique kind of philosophy, expressed in a singular style. Eschewing the tradition of dry, totalizing, academic philosophy prevalent during the time, Schopenhauer's later writings mark a shift towards a philosophy of aphorisms, fragments, anecdotes and observations, written in a literary style that is by turns antagonistic, resigned, confessional, and filled with all the fragile contours of an intellectual memoir. Here Schopenhauer allows himself to pose challenging questions regarding the fate of the human species, the role of suffering in the world, and the rift between self and world that increasingly has come to define human existence, to this day. It is these writings of Schopenhauer that later generations of artists, poets, musicians, and philosophers would identify as exemplifying the pessimism of their era, and perhaps of our own as well. On the Suffering of the World is presented with an introduction that places Schopenhauer's thought in its intellectual context, while also connecting it to contemporary concerns over climate change, the anthropocene, and the spectre of human extinction. The book also includes a bibliography and chronology of Schopenhauer's life.
648 0 _a1800-1899
_925695
650 0 _aPhilosophy, German
_y19th century
_925696
650 0 _aSuffering
_925697
700 _aThacker, Eugene
_eeditor
_ewriter of introduction
_925698
700 2 _aSchopenhauer, Arthur
_d1788-1860.
_tWelt als Wille und Vorstellung.
_kSelections.
_lEnglish.
_925699
700 2 _aSchopenhauer, Arthur
_d1788-1860.
_tParerga und Paralipomena.
_kSelections.
_lEnglish.
_925700
942 _2lcc
999 _c4836
_d4836